| 000 | 01077nam a2200325Ia 4500 | ||
|---|---|---|---|
| 001 | 6834 | ||
| 003 | IT-RoPAU | ||
| 008 | 130308s9999 xx 000 0 und d | ||
| 040 | _aIT-RoPAU | ||
| 040 | _cIT-RoPAU | ||
| 041 | _aITALIANO | ||
| 100 | _aCalabrese Omar | ||
| 100 | _gCodice Aut. SPICS: 8617 | ||
| 245 | _aGiornali (I)-Guida alla lettura e all'uso didattico | ||
| 245 | _bGiornali (I)-Guida Alla Lettura e All'Uso Didattico | ||
| 250 | _a1a ed. | ||
| 260 | _aMILANO | ||
| 260 | _bEspresso Strumenti | ||
| 260 | _c1980 [1° Ed.:1980 - Ed.Ling.Originale:1980] | ||
| 300 | _a"184 p. (prefazione: no ; testo: 184)" | ||
| 500 | _aBreve Storia del giornale quotidiano e Sua grafica Analisi del Contenuto del quotidiano Linguaggio del giornale Giornale Come Apparato giornale Come Pretesto Didattico giornale a Scuola Bibliografia | ||
| 650 | _aEDUCAZIONE ALLA STAMPA DI MASSA | ||
| 650 | _eCodice materia Spics: 6662 | ||
| 700 | _aVioli Patrizia | ||
| 700 | _gCodice Aut. SPICS: 637 | ||
| 942 | _cBK | ||
| 957 | _71 | ||
| 999 |
_c70073 _d70073 |
||
| 999 | _bSI | ||
| 999 | _g1 | ||